000 00681nam a2200253Ia 4500
003 OSt
005 20221007080121.0
006 a|||||r|||| 00| 0
007 ta
008 221006b |||||||| |||| 00| 0 eng d
024 _a7,719
037 _cTextual
040 _aFLL
_cFLL
_beng
041 _2eng
_aeng
082 _aXM55:Z2, N8
100 _aMajumdar A.K. Au.
_9424639
245 0 _aStudent's guide to company law
260 _aNew Delhi
_bTaxmann India
_c1998
300 _a599p
_ccm.
650 _aCompany law
700 _a Kapoor G.K. Au.
942 _hXM55:Z2, N8
_cTEXL
_2CC
999 _c1158410
_d1158410